000 00499nam a2200169 4500
003 SEACOMMC
005 20250429114312.0
008 241223b |||||||| |||| 00| 0 eng d
020 _a 978-81-2592-060-1
_cRs.295.00
040 _aSEACOMMC
082 _a 005.5068
_bS 227
100 _a Saxena, Sanjay
245 1 _aComputer Applications in Management
_cSanjay Saxena [and] Prabhpreet Chopra
260 _aNew Delhi
_b Vikas Publishing House
_c 2006
650 _a Management-General
942 _cBOOK
999 _c926
_d926